| 000 | 01057nam a22002417a 4500 | ||
|---|---|---|---|
| 003 | OSt | ||
| 005 | 20250911164735.0 | ||
| 008 | 240222b ||||| |||| 00| 0 eng d | ||
| 040 | _c0 | ||
| 082 | _aDPer 621.317 Ie21 May 2022 v. 37 n. 5 | ||
| 100 |
_aLi, Rongguan. _eauthor. _953003 |
||
| 245 |
_aA novel hybrid DC transformer combining modular multilevel converter structure and series-connected semiconductor switches / _cRongguan Li, Wu Chen, Shuai Shao, Haozhe Jin, Liangcai Shu, and Shilong Gao. |
||
| 260 |
_aNew York ; _bThe Institute of Electrical and Electronics Engineers, Inc. , _cMay 2022. |
||
| 300 |
_aVolume 37, pages 5699-5713 : _billustration ; _c28 cm. |
||
| 500 | _aIEEE Transactions on Power Electronics, vol. 37, no. 5, pages 5699-5713, May 2022. | ||
| 700 |
_aLi, Rongguan. _eauthor. _953003 |
||
| 700 |
_aChen, Wu. _eauthor. _953004 |
||
| 700 |
_aShao, Shuai. _eauthor. _953005 |
||
| 700 |
_aJin, Haozhe. _eauthor. _953006 |
||
| 700 |
_aShu, Liangcai. _eauthor. _953007 |
||
| 700 |
_aGao, Shilong. _eauthor. _953008 |
||
| 942 |
_2ddc _cPER |
||
| 999 |
_c19283 _d19283 |
||